000
00432nam a2200181Ia 4500
008
090123s9999 xx 000 0 und d
082
_b
24427
100
_a
सानिया
245
_a
वलय
250
_a
1
260
_b
ज्ञानदा प्रकाशन
300
_a
223
600
_a
सानिया
630
_a
वलय
700
_a
सानिया
730
_a
वलय
942
_c
BOOK
999
_c
62498
_d
62498